00526nam a2200157 a 450000500170000000800410001702000180005805000270007610000220010324501030012526000360022830000290026452100080029365000460030170000210034720140311163026.0080521s19uu xx 00 eng d a9781890627805 aRJ 5063.A9b.H269 2007 aHarris, Sandra L. aRight from the start :bbehavioral intervention for young children with autism.cSandra L. Harris. aU.S.A :bWoodbine House,c2007. a175 p. :bill. ;c23 cm. aEDU aAutistic childrenxBehavior modification. aWeiss, Mary Jane